000 00661nam a2200181Ia 4500
008 090630s9999 xx 000 0 und d
082 _b2578
100 _aकानिटकर माधव.
245 _aडॉ. भिमराव आंबेडकर.
_cकानिटकर माधव.
260 _bकॉन्टीनेंटल.
_c1966
300 _a38
600 _aकानिटकर माधव.
630 _aडॉ. भिमराव आंबेडकर.
655 _aबालवाङमय.
700 _aकानिटकर माधव.
730 _aडॉ. भिमराव आंबेडकर.
942 _cBOOK
999 _c254434
_d254434